书目信息 |
| 题名: |
古人称谓
|
|
| 作者: | 袁庭栋 著 | |
| 分册: | ||
| 出版信息: | 济南 山东画报出版社 2007 |
|
| 页数: | 13,468页 | |
| 开本: | 21cm | |
| 丛书名: | ||
| 单 册: | ||
| 中图分类: | K892.98 | |
| 科图分类: | ||
| 主题词: | 称谓--中国--古代 , 称谓 | |
| 电子资源: | ||
| ISBN: | 978-7-80713-459-6 | |
| 000 | 00700nam0 2200241 450 | |
| 001 | 1240383282 | |
| 005 | 20121013111329.90 | |
| 010 | @a978-7-80713-459-6@dCNY28.00 | |
| 100 | @a20070318d2007 em y0chiy50 ea | |
| 101 | 0 | @achi |
| 102 | @aCN@b370000 | |
| 105 | @ay z 000yy | |
| 200 | 1 | @a古人称谓@Agu ren cheng wei@f袁庭栋著 |
| 210 | @a济南@c山东画报出版社@d2007 | |
| 215 | @a13,468页@d21cm | |
| 300 | @a说古坊 | |
| 330 | @a本书包括姓与氏、名与字、自称与称人、亲属称谓、尊称、官称与地望称等部分内容。 | |
| 606 | 0 | @a称谓@y中国@z古代 |
| 606 | 0 | @a称谓 |
| 690 | @aK892.98@v4 | |
| 701 | 0 | @a袁庭栋@Ayuan ting dong@f(1940~)@4著 |
| 801 | 0 | @aCN@bNLC@c20101222 |
| 905 | @a10447@dK892.98@eJY55 | |
| 古人称谓/袁庭栋著.-济南:山东画报出版社,2007 |
| 13,468页;21cm |
| 说古坊 |
| ISBN 978-7-80713-459-6:CNY28.00 |
| 本书包括姓与氏、名与字、自称与称人、亲属称谓、尊称、官称与地望称等部分内容。 |
| ● |
| 相关链接 |
|
|
|
|
正题名:古人称谓
索取号:K892.98/JY55
 
预约/预借
| 序号 | 登录号 | 条形码 | 馆藏地/架位号 | 状态 | 备注 |
| 1 | 7826131 | 278261319 | 学院路分馆/ [索取号:K892.98/JY55] | 在馆 | |
| 2 | 7826132 | 278261328 | 学院路分馆/ [索取号:K892.98/JY55] | 在馆 |